[Event "POL-chT3 Dolnoslaskie 1415"]
[Site "Poland"]
[Date "2015.02.08"]
[Round "6.3"]
[White "Piotrowski, Przemyslaw"]
[Black "Stawarz, Pawel"]
[Result "1-0"]
[WhiteElo "2168"]
[BlackElo "2026"]
[PlyCount "103"]
[EventDate "2014.10.26"]
[EventType "team-tourn"]
[EventRounds "11"]
[EventCountry "POL"]
[SourceTitle "EXT 2018"]
[Source "ChessBase"]
[SourceDate "2017.10.13"]
[SourceVersion "1"]
[SourceVersionDate "2017.10.13"]
[SourceQuality "1"]
[WhiteTeam "Wroclaw KS Polonia"]
[BlackTeam "Wisznia Mala OKSiR"]
[WhiteTeamCountry "POL"]
[BlackTeamCountry "POL"]

1. Nf3 c5 2. g3 Nf6 3. Bg2 g6 4. d4 cxd4 5. Nxd4 Bg7 6. c4 Nc6 7. Nc3 a6 8. 0-0 0-0 9. e4 Nxe4 10. Nxc6 Nxc3 11. Nxe7+ Qxe7 12. bxc3 Bxc3 13. Bh6 Bg7 14. Bxg7 Kxg7 15. Rb1 Rb8 16. Qd4+ Qf6 17. Qa7 Qd6 18. Rfd1 Qc7 19. Qd4+ Kg8 20. c5 Re8 21. Re1 Re6 22. Bd5 b5 23. cxb6 Rbxb6 24. Bxe6 Rxe6 25. Rec1 Rc6 26. Rxc6 dxc6 27. Qb6 Qd7 28. Qb8 Kg7 29. Re1 Qf5 30. Qb2+ Qf6 31. Rb1 Qxb2 32. Rxb2 Be6 33. a4 c5 34. Rb6 Bc4 35. Rc6 Be2 36. f4 Kf8 37. Kf2 Bd3 38. Ke3 Bf1 39. Rxc5 Ke7 40. Rc7+ Ke6 41. Kd4 h6 42. Kc5 g5 43. Rc6+ Kf5 44. Rxh6 gxf4 45. gxf4 Bd3 46. Kd4 Be2 47. Ke3 Bc4 48. Rc6 Bf1 49. Rc1 Bg2 50. Rc5+ Kf6 51. h4 Bh3 52. Rc6+ 1-0